000 00789nam a2200229Ii 4500
003 JO-AjNU
008 230605s9999||||xx |||||||||||||| ||und||
017 _a2012/9479
020 _a978-977-328-960-1
040 _aJO-AjNU
_bara
_erda
_cJO-AjNU
041 _aara
050 1 4 _aKRM823.2013
100 3 _aعبد الواسع، عبد الباسط محمد,
_eauthor
_944285
245 0 0 _aالنظام القانوني لإتفاق التحكيم " دراسة تحليلية مقارنة "
250 _a(د،ط)
264 3 1 _aالاسكندرية : دار الجامعة الجديدة ، 2013
300 _a202ص
336 _atext
_btxt
_2rdacontent
337 _aunmediated
_bn
_2rdamedia
338 _avolume
_bnc
_2rdacarrier
650 4 _aالتحكيم القضائي
_944286
999 _aA19109
_c22677
_d22677